Tales of love, sex, and danger / (Record no. 53694)

MARC details
000 -LEADER
fixed length control field 00951nam a22002657a 4500
005 - DATE AND TIME OF LATEST TRANSACTION
control field 20110711101711.0
008 - FIXED-LENGTH DATA ELEMENTS--GENERAL INFORMATION
fixed length control field 110711t xxu||||| |||| 00| 0 eng d
010 ## - LCCN (DPL NO)
LC control number ENG-102958
020 ## - INTERNATIONAL STANDARD BOOK NUMBER
International Standard Book Number 9780198072560
Terms of availability 295.00
020 ## - INTERNATIONAL STANDARD BOOK NUMBER
International Standard Book Number 0198072562
Terms of availability 295.00
035 ## - SYSTEM CONTROL NUMBER
System control number EN-86491
037 ## - SOURCE OF ACQUISITION
Source of stock number/acquisition DBAD/PUB
040 ## - CATALOGING SOURCE
Original cataloging agency Dpl
Language of cataloging Eng
082 ## - DEWEY DECIMAL CLASSIFICATION NUMBER
Classification number 809.93354
100 ## - MAIN ENTRY--PERSONAL NAME
Personal name Kakar, Sudhir
9 (RLIN) 29356
245 ## - TITLE STATEMENT
Title Tales of love, sex, and danger /
Statement of responsibility, etc by Sudhir Kakar [and] John Munder Ross
250 ## - EDITION STATEMENT
Edition statement 2nd ed
260 ## - PUBLICATION, DISTRIBUTION, ETC. (IMPRINT)
Place of publication, distribution, etc New Delhi
Name of publisher, distributor, etc Oxford University Press
Date of publication, distribution, etc 2011
270 ## - ADDRESS
Address YMCA Library Building, 1 Jai Singh Road
City New Delhi
Postal code 110001
300 ## - PHYSICAL DESCRIPTION
Extent 225p.
Dimensions 22cm (pbk)
650 ## - SUBJECT ADDED ENTRY--TOPICAL TERM
Topical term or geographic name as entry element Love in literature.
9 (RLIN) 29357
700 ## - ADDED ENTRY--PERSONAL NAME
Personal name Ross, John Munder
9 (RLIN) 29353
942 ## - ADDED ENTRY ELEMENTS (KOHA)
Source of classification or shelving scheme Dewey Decimal Classification
Item type English Books
Call number suffix KAK
Classification part 809.93354
Holdings
Withdrawn status Lost status Source of classification or shelving scheme Damaged status Not for loan Collection code Home library Current library Date acquired Source of acquisition Cost, normal purchase price Total Checkouts Full call number Barcode Date last seen Copy number Cost, replacement price Koha item type
    Dewey Decimal Classification   Not For Loan Non-fiction D.B.Act.Division D.B.Act.Division 11/07/2011 DBAD/PUB 295.00   809.93354 KAK EN-86491 11/07/2011 1 295.00 English Books

© Delhi Public Library
Hit Counter
free hit counter